| 000 | 01781cam a2200385 i 4500 | ||
|---|---|---|---|
| 001 | mineralsgemscolo00macf | ||
| 003 | CaSfIA | ||
| 005 | 20210118185719.0 | ||
| 007 | cr|||| | ||
| 008 | 741111s1975 nyua b 001 0 eng | ||
| 010 | _a 74028082 | ||
| 040 |
_aDLC _cDLC _dBTCTA _dOCLCQ _dCaSfIA |
||
| 020 | _a069000687X | ||
| 020 | _a9780690006872 | ||
| 035 | _a(OCoLC)1104203 | ||
| 043 | _an-us--- | ||
| 050 | 0 | 0 |
_aQE363.2 _b.G8313 1975 |
| 082 | 0 | 0 | _a549 |
| 245 | 0 | 0 |
_aMinerals and gems : _h[electronic resource] _ba color treasury for collectors and guide to hunting locations / _cRussell P. MacFall. |
| 260 |
_aNew York : _bCrowell, _c[1975] |
||
| 300 |
_axi, 242 p. : _bill. (some col.) ; _c28 cm. |
||
| 500 | _a"Pages 1-128 ... are based on Guida ai minerali, by Ambrogio Del Caldo ... [et al.] published in Italy in 1973." | ||
| 504 | _aIncludes bibliographical references (p. 231) and index. | ||
| 650 | 0 | _aMineralogy. | |
| 650 | 0 |
_aMinerals _xCollection and preservation _zUnited States. |
|
| 700 | 1 |
_aMacFall, Russell P., _eed. |
|
| 730 | 0 | _aGuida ai minerali. | |
| 776 | 0 | 8 |
_iOnline version: _tMinerals and gems. _dNew York : Crowell, [1975] _w(OCoLC)624475640 |
| 856 | 4 | 1 |
_uhttp://www.archive.org/details/mineralsgemscolo00macf _zFree eBook from the Internet Archive |
| 856 | 4 | 2 |
_uhttp://www.openlibrary.org/books/OL5062757M _zAdditional information and access via Open Library |
| 029 | 1 |
_aAU@ _b000000455373 |
|
| 942 | _cEB | ||
| 506 | _fНеобхідна авторизація на https://archive.org/ (створення облікового запису безкоштовно) | ||
| 506 | _fНеобхідна авторизація на https://openlibrary.org/ (створення облікового запису безкоштовно) | ||
| 999 |
_c525632 _d525632 |
||